Интерметаллидные сплавы на основе титана и никеля: [монография]

Detalles Bibliográficos
Autor Corporativo: Всероссийский научно-исследовательский институт авиационных материалов (ВИАМ)
Otros Autores: Ночовная Н. А. Надежда Алексеевна (редактор), Базылева О. А. Ольга Анатольевна, Каблов Д. Е. Дмитрий Евгеньевич, Панин П. В. Павел Васильевич, Каблов Е. Н.
Sumario:В монографии обобщен накопленный опыт отечественных и зарубежных ученых в области разработки, исследования и промышленного внедрения интерметаллидных титановых и никелевых сплавов для газотурбинных двигателей и энергетических установок. Приведены исторические аспекты появления и развития сплавов на интерметаллидной основе. С точки зрения авиационного материаловедения изложены основные принципы классификации существующих и создания новых жаропрочных сплавов на основе алюминидов титана и никеля. Рассмотрены актуальные вопросы освоения технологий производства полуфабрикатов и изделий из интерметаллидных сплавов. Отдельное внимание уделено опыту ВИАМ: приведены результаты оригинальных исследований авторов монографии с коллегами в области разработки и апробации интерметаллидных сплавов на основе TiAL и Ni3А1 в сопоставлении с результатами зарубежных исследователей. Издание предназначено для работников авиационной, космической, судостроительной и смежных с ними отраслей промышленности, в сферу научных интересов которых входят вопросы разработки и применения интерметаллидных сплавов. Книга также может быть полезна для студентов и аспирантов в качестве дополнительной учебной литературы по металловедческим специальностям.
Lenguaje:ruso
Publicado: Москва, Изд-во ВИАМ, 2018
Materias:
Formato: Libro
KOHA link:https://koha.lib.tpu.ru/cgi-bin/koha/opac-detail.pl?biblionumber=340994

MARC

LEADER 00000nam0a2200000 4500
001 340994
005 20231102005311.0
010 |a 9785905217234 
035 |a (RuTPU)RU\TPU\book\368182 
090 |a 340994 
100 |a 20180517d2018 k y0rusy50 ca 
101 0 |a rus 
102 |a RU 
105 |a a z 001zy 
200 1 |a Интерметаллидные сплавы на основе титана и никеля  |e [монография]  |f Н. А. Ночовная [и др.]  |g Всероссийский научно-исследовательский институт авиационных материалов (ВИАМ) ; под ред. Е. Н. Каблова 
210 |a Москва  |c Изд-во ВИАМ  |d 2018 
215 |a 304 с.  |c ил. 
320 |a Библиография в конце глав 
330 |a В монографии обобщен накопленный опыт отечественных и зарубежных ученых в области разработки, исследования и промышленного внедрения интерметаллидных титановых и никелевых сплавов для газотурбинных двигателей и энергетических установок. Приведены исторические аспекты появления и развития сплавов на интерметаллидной основе. С точки зрения авиационного материаловедения изложены основные принципы классификации существующих и создания новых жаропрочных сплавов на основе алюминидов титана и никеля. Рассмотрены актуальные вопросы освоения технологий производства полуфабрикатов и изделий из интерметаллидных сплавов. Отдельное внимание уделено опыту ВИАМ: приведены результаты оригинальных исследований авторов монографии с коллегами в области разработки и апробации интерметаллидных сплавов на основе TiAL и Ni3А1 в сопоставлении с результатами зарубежных исследователей. Издание предназначено для работников авиационной, космической, судостроительной и смежных с ними отраслей промышленности, в сферу научных интересов которых входят вопросы разработки и применения интерметаллидных сплавов. Книга также может быть полезна для студентов и аспирантов в качестве дополнительной учебной литературы по металловедческим специальностям. 
606 1 |a Интерметаллидные сплавы  |2 stltpush  |3 (RuTPU)RU\TPU\subj\37951  |9 58704 
610 1 |a создание 
610 1 |a физические основы 
610 1 |a титан 
610 1 |a никель 
610 1 |a интерметаллиды 
610 1 |a монографии 
675 |a 669.017.16  |v 4 
701 1 |a Ночовная  |b Н. А.  |g Надежда Алексеевна 
701 1 |a Базылева  |b О. А.  |g Ольга Анатольевна 
701 1 |a Каблов  |b Д. Е.  |g Дмитрий Евгеньевич 
701 1 |a Панин  |b П. В.  |g Павел Васильевич 
702 1 |a Каблов  |b Е. Н.  |4 340 
712 0 2 |a Всероссийский научно-исследовательский институт авиационных материалов (ВИАМ)  |c (Москва)  |2 stltpush  |3 (RuTPU)RU\TPU\col\14642 
801 1 |a RU  |b 63413507  |c 20180517 
801 2 |a RU  |b 63413507  |c 20180608  |g RCR 
942 |c BK